
Library Catalogue

| 000 -LEADER | |
|---|---|
| fixed length control field | 01213nam a22002057a 4500 |
| 003 - CONTROL NUMBER IDENTIFIER | |
| control field | OSt |
| 005 - DATE AND TIME OF LATEST TRANSACTION | |
| control field | 20200905210144.0 |
| 008 - FIXED-LENGTH DATA ELEMENTS--GENERAL INFORMATION | |
| fixed length control field | 190116b2018 ||||| |||| 00| 0 eng |
| 020 ## - INTERNATIONAL STANDARD BOOK NUMBER | |
| International Standard Book Number | 9789388266444 |
| 040 ## - CATALOGING SOURCE | |
| Transcribing agency | nls |
| 082 ## - DEWEY DECIMAL CLASSIFICATION NUMBER | |
| Classification number | 343.0558 DAT |
| 100 ## - MAIN ENTRY--PERSONAL NAME | |
| Personal name | Datey V S |
| 245 ## - TITLE STATEMENT | |
| Title | GST input tax credit : |
| Statement of responsibility, etc. | A complete guide to input tax credit with numerical illustrations |
| 250 ## - EDITION STATEMENT | |
| Edition statement | 2nd Ed. |
| 260 ## - PUBLICATION, DISTRIBUTION, ETC. | |
| Place of publication, distribution, etc. | New Delhi |
| Name of publisher, distributor, etc. | Taxmann Allied Services (P) Ltd. |
| Date of publication, distribution, etc. | 2018 |
| 300 ## - PHYSICAL DESCRIPTION | |
| Extent | PB |
| 505 ## - FORMATTED CONTENTS NOTE | |
| Formatted contents note | Contents<br/>Division 1<br/>Input Tax Credit<br/>1. Vat Concept and its Application in GST<br/>2. Input Tax Credit (ITC)<br/>3. Input Tax Credit when Exempted as well as Taxable Supplies Made<br/>4. Input Service Distributor (ISD)<br/>5. Utilisation of Input Tax Credit<br/>Division 2<br/>How to take Credit on Closing Stock & Switch over to GST<br/>6. Switch over to GST<br/>7. Registration Related Issues During Transition<br/>8. Input Tax Credit While Switching Over from Existing Tax Structure to GST<br/>9. Transitory Issues Relating to Service Tax<br/>10. Other Transitory Provisions<br/>11 Composition Scheme in GST<br/>12. Anti-Profiteering Measure<br/>Appendix 1 to 6 |
| 600 ## - SUBJECT ADDED ENTRY--PERSONAL NAME | |
| Personal name | Goods Service Tax - FTP |
| 942 ## - ADDED ENTRY ELEMENTS (KOHA) | |
| Source of classification or shelving scheme | Dewey Decimal Classification |
| Koha item type | BOOKs |
| Withdrawn status | Lost status | Source of classification or shelving scheme | Materials specified (bound volume or other part) | Damaged status | Not for loan | Home library | Current library | Shelving location | Date acquired | Source of acquisition | Cost, normal purchase price | Total Checkouts | Total Renewals | Full call number | Barcode | Date last seen | Date last checked out | Price effective from | Koha item type |
|---|---|---|---|---|---|---|---|---|---|---|---|---|---|---|---|---|---|---|---|
| Dewey Decimal Classification | PB | NLS | NLS | 16/01/2019 | Purchased | 525.00 | 1 | 1 | 343.0558 DAT | 36893 | 07/09/2021 | 31/08/2021 | 16/01/2019 | BOOKs |